| 000 | 00849nam a2200301 i 4500 | ||
|---|---|---|---|
| 001 | bg | ||
| 100 | 1 |
_aWELLING, Luke _d(1972- ). |
|
| 245 | 1 | 0 |
_aMySQL : _bpodstawy : wprowadzenie do korzystania z MySQL. |
| 246 |
_iTyt. oryg.: _aMySQL tutorial |
||
| 260 |
_aGliwice : _b"Helion", _ccop. 2005. |
||
| 300 |
_a279 s. : _brys. ; _c24 cm. |
||
| 500 | _aTyt. oryg.: "MySQL tutorial", 2004. | ||
| 504 | _aIndeks. | ||
| 650 | 4 | _aMySQL | |
| 650 | 4 | _aPodręczniki | |
| 700 | 1 | _aTHOMSON, Laura | |
| 700 | 1 |
_aKOSZYKOWSKI, Marek. _eTł. |
|
| 015 | _aPB 842/2005 | ||
| 020 | _a8373616896 | ||
| 040 | _cBPK | ||
| 041 | 1 |
_apol _heng |
|
| 080 | _a004.652 | ||
| 080 | _a(07) | ||
| 920 | _a83-7361-689-6 | ||
| 942 | _cKS | ||
| 008 | s pl f |000 0 pol | ||
| 999 |
_c46028 _d46028 |
||
| 856 |
_uhttp://koha.tu.koszalin.pl/cgi-bin/koha/opac-detail.pl?biblionumber=46028 _yKatalog online BPK |
||